000 00683nam a22002297a 4500
003 OSt
005 20240604065135.0
006 a
008 240604b |||||||| |||| 00| 0 eng d
020 _a9789716423006
040 _aDWCL-Main lib.
_cOC
082 _2sixth edition
_aFil. 909 Za13j 2013
100 _aZaide, Gregorio F.
245 _aWorld history for the postmodern world /
250 _asixth edition
260 _aQuezon City, Phils. :
_b All-Nations Publishing,
_cc2013.
300 _a485 pages :
_billustrations ;
_c25 cm.
504 _aIncludes index.
650 _a1. World history.
700 _aGregorio F. Zaide
942 _2ddc
_n0
_cBK - FIL
_esixth edition
_kFil.
999 _c129
_d129